Statistics for Most Valuable Players in the Champions League by Club

Click here to take the quiz!

General Stats

  • This quiz has been taken 51 times
  • The average score is 27 of 52

Answer Stats

Answer% Correct
Lionel Messi
98%
Mohamed Salah
93%
Antoine Griezmann
89%
Cristiano Ronaldo
89%
Kylian Mbappé
89%
Sadio Mané
89%
Erling Haaland
84%
Kevin de Bruyne
84%
Ciro Immobile
82%
Neymar
82%
Jadon Sancho
80%
João Félix
80%
Kai Havertz
77%
Serge Gnabry
77%
Timo Werner
77%
Raheem Sterling
75%
Trent Alexander-Arnold
70%
Bernardo Silva
66%
Paulo Dybala
66%
Joshua Kimmich
61%
Alphonso Davies
59%
Sergej Milinković-Savić
59%
Duvan Zapata
57%
Jan Oblak
57%
Saúl Ñíguez
55%
Thibaut Courtois
52%
Matthijs de Ligt
50%
Marcus Thuram
45%
Raphaël Varane
45%
Alassane Plea
43%
N'Golo Kanté
43%
Dayot Upamecano
41%
José Giménez
39%
Ansu Fati
36%
Luis Alberto
34%
Marco Verratti
34%
Robin Gosens
34%
Federico Valverde
30%
Denis Zakaria
27%
Diego Carlos
27%
Julian Brandt
27%
Jules Koundé
25%
Raphaël Guerreiro
25%
Arthur
23%
Lucas Ocampos
23%
Matthias Ginter
18%
Ibrahima Konaté
16%
Lukas Klostermann
16%
Jesús Corona
14%
Mario Pašalić
14%
Moussa Marega
9%
Felipe Anderson
7%

Score Distribution

Percentile by Number Answered

Percent of People with Each Score

Your Score History

You have not taken this quiz